Normal view
MARC view
Entry Corporate Name
001 - CONTROL NUMBER
- control field: 340
003 - CONTROL NUMBER IDENTIFIER
- control field: csc
005 - DATE AND TIME OF LATEST TRANSACTION
- control field: 20140507162049.0
008 - FIXED-LENGTH DATA ELEMENTS
- fixed length control field: 110324|||a|||||| | ||| d
040 ## - CATALOGING SOURCE
- Original cataloging agency: csc
- Transcribing agency: csc
110 ## - HEADING--CORPORATE NAME
- Corporate name or jurisdiction name as entry element: Orchestra of the Age of Enlightenment.
670 ## - SOURCE DATA FOUND
- Source citation: Work cat.: (csc)0: Giulio Cesare, 2006.